000
00228nam a22000857a 4500
999
_c
11024
_d
11024
008
180725b ||||| |||| 00| 0 eng d
100
_a
Grahame Kenneth
_9
6811
245
_a
The Wind in the Willows
260
_a
New Delhi
_b
Campfire
_c
2016